000 01709nab a2200241 i 4500
001 768714001
003 CO-MdFUSB
005 20240626143714.0
008 240626t1995 us ||||| |||| 00| 0 eng d
040 _bspa
_cCO-MdFUSB
_dCO-MdFUSB
041 _aeng
100 _aThomas, Norman E.,
_eautor
245 _aImages of church and mission in African independent churches
_c/ Norman E. Thomas
520 _aLas iglesias africanas independientes/indígenas (AIC) son parte integral de la corriente principal del cristianismo, más que una aberración. Este artículo es un análisis de las imágenes de la iglesia y la misión de las AIC del tipo pentecostal/profeta-sanador, muchas de las cuales brindan un énfasis renovado en las imágenes de la iglesia apostólica. Se describen seis imágenes de la iglesia con casos ilustrativos: la iglesia como el Monte Sión, la iglesia como el lugar donde habita el Espíritu, la iglesia como dones diversos pero un solo Espíritu, la iglesia como un lugar de poder para proteger y sanar, la la iglesia como comunidad disciplinada y la iglesia como libertadora de la pobreza. A continuación se presentan cuatro imágenes de la misión: experimentar el poder del Espíritu, comisionar a todos los creyentes para la misión, sanar y restaurar la creación de Dios.
546 _aTexto en inglés.
650 7 _aDios
_9178
650 7 _aCristianismo y cultura
_zÁfrica
_96960
650 7 _aMisiones
_zÁfrica
_91120
650 7 _aEtnocentrismo
_9442
773 0 _049486
_961121
_d Pasadena
_oR0893
_tMissiology:
_w(CO-MdFUSB)97
_gVolumen 23, (número 1, 1995) páginas: 17 - 29
_qpágina: 17
942 _cANA
945 _aCatherine Arias Álvarez - Practicante SENA
999 _c70364
_d70364